Socialism and war : A survey of Chinese criticism of the policy of coexistence

Сохранить в:
Библиографические подробности
Главный автор: Kardelj, Edvard
Формат:
Язык:Undetermined
Опубликовано: New York McGraw-Hill 1960
Предметы:
Метки: Добавить метку
Нет меток, Требуется 1-ая метка записи!
Thư viện lưu trữ: Trung tâm Học liệu Trường Đại học Cần Thơ
LEADER 00536nam a2200193Ia 4500
001 CTU_80619
008 210402s9999 xx 000 0 und d
082 |a 909.82 
082 |b K18 
100 |a Kardelj, Edvard 
245 0 |a Socialism and war : 
245 2 |b A survey of Chinese criticism of the policy of coexistence 
245 0 |c Edvard Kardelj 
260 |a New York 
260 |b McGraw-Hill 
260 |c 1960 
650 |a World politics 
904 |i Trọng Hải 
980 |a Trung tâm Học liệu Trường Đại học Cần Thơ